| 000 -LEADER |
| fixed length control field |
01895cam a2200409 i 4500 |
| 001 - CONTROL NUMBER |
| control field |
18469337 |
| 005 - DATE AND TIME OF LATEST TRANSACTION |
| control field |
20221031101534.0 |
| 008 - FIXED-LENGTH DATA ELEMENTS--GENERAL INFORMATION |
| fixed length control field |
150129s2015 enk b 001 0 mul |
| 010 ## - LIBRARY OF CONGRESS CONTROL NUMBER |
| LC control number |
2015004073 |
| 020 ## - INTERNATIONAL STANDARD BOOK NUMBER |
| International Standard Book Number |
9781405167000 (hardback) |
| 020 ## - INTERNATIONAL STANDARD BOOK NUMBER |
| International Standard Book Number |
9781405167017 (paper) |
| 040 ## - CATALOGING SOURCE |
| Original cataloging agency |
DLC |
| Language of cataloging |
eng |
| Transcribing agency |
DLC |
| Description conventions |
rda |
| Modifying agency |
DLC |
| 042 ## - AUTHENTICATION CODE |
| Authentication code |
pcc |
| 043 ## - GEOGRAPHIC AREA CODE |
| Geographic area code |
a-ja--- |
| 050 00 - LIBRARY OF CONGRESS CALL NUMBER |
| Classification number |
BQ678 |
| Item number |
.D43 2015 |
| 082 00 - DEWEY DECIMAL CLASSIFICATION NUMBER |
| Classification number |
294.30952 |
| Author Mark |
DEA |
| 084 ## - OTHER CLASSIFICATION NUMBER |
| Classification number |
REL007000 |
| Number source |
bisacsh |
| 100 1# - MAIN ENTRY--PERSONAL NAME |
| Personal name |
Deal, William E., |
| Relator term |
author. |
| 9 (RLIN) |
101794 |
| 245 12 - TITLE STATEMENT |
| Title |
A cultural history of Japanese Buddhism / |
| Statement of responsibility, etc. |
William E. Deal and Brian Ruppert. |
| 264 #1 - PRODUCTION, PUBLICATION, DISTRIBUTION, MANUFACTURE, AND COPYRIGHT NOTICE |
| Place of production, publication, distribution, manufacture |
Chichester, West Sussex, Uk ; |
| -- |
Malden, MA USA : |
| Name of producer, publisher, distributor, manufacturer |
Wiley, Blackwell, |
| Date of production, publication, distribution, manufacture, or copyright notice |
2015. |
| 300 ## - PHYSICAL DESCRIPTION |
| Extent |
ix, 303 pages ; |
| Dimensions |
23 cm. |
| 336 ## - CONTENT TYPE |
| Content type term |
text |
| Source |
rdacontent |
| 337 ## - MEDIA TYPE |
| Media type term |
unmediated |
| Source |
rdamedia |
| 338 ## - CARRIER TYPE |
| Carrier type term |
volume |
| Source |
rdacarrier |
| 490 0# - SERIES STATEMENT |
| Series statement |
Wiley-blackwell guides to Buddhism ; |
| Volume/sequential designation |
1 |
| 504 ## - BIBLIOGRAPHY, ETC. NOTE |
| Bibliography, etc. note |
Includes bibliographical references and index. |
| 520 ## - SUMMARY, ETC. |
| Summary, etc. |
"Offers a vivid, nuanced, and chronological account of Buddhistreligion in Japan -- from its emergence in the sixth centuryright through to the present day"-- |
| Assigning source |
Provided by publisher. |
| 650 #0 - SUBJECT ADDED ENTRY--TOPICAL TERM |
| Topical term or geographic name entry element |
Buddhism |
| Geographic subdivision |
Japan |
| General subdivision |
History. |
| 9 (RLIN) |
101795 |
| 650 #0 - SUBJECT ADDED ENTRY--TOPICAL TERM |
| Topical term or geographic name entry element |
Buddhism and culture |
| Geographic subdivision |
Japan |
| General subdivision |
History. |
| 9 (RLIN) |
101796 |
| 650 #7 - SUBJECT ADDED ENTRY--TOPICAL TERM |
| Topical term or geographic name entry element |
RELIGION / Buddhism / General (see also PHILOSOPHY / Buddhist). |
| Source of heading or term |
bisacsh |
| 9 (RLIN) |
101797 |
| 700 1# - ADDED ENTRY--PERSONAL NAME |
| Personal name |
Ruppert, Brian Douglas, |
| Dates associated with a name |
1962- |
| 9 (RLIN) |
101798 |
| 776 08 - ADDITIONAL PHYSICAL FORM ENTRY |
| Relationship information |
Online version: |
| Main entry heading |
Deal, William E. |
| Title |
Cultural history of Japanese Buddhism |
| Place, publisher, and date of publication |
Malden, MA : Wiley-Blackwell, [2015] |
| International Standard Book Number |
9781118608319 |
| Record control number |
(DLC) 2015008367 |
| 856 42 - ELECTRONIC LOCATION AND ACCESS |
| Materials specified |
Cover image |
| Uniform Resource Identifier |
<a href="http://catalogimages.wiley.com/images/db/jimages/9781405167000.jpg">http://catalogimages.wiley.com/images/db/jimages/9781405167000.jpg</a> |
| 906 ## - LOCAL DATA ELEMENT F, LDF (RLIN) |
| a |
7 |
| b |
cbc |
| c |
orignew |
| d |
1 |
| e |
ecip |
| f |
20 |
| g |
y-gencatlg |
| 942 ## - ADDED ENTRY ELEMENTS (KOHA) |
| Source of classification or shelving scheme |
|
| Koha item type |
Book |